[Event "Loire Top 1516"]
[Site "Loire"]
[Date "2016.01.23"]
[Round "4.7"]
[White "Samuel, Christian"]
[Black "Bourrat, Nicolas"]
[Result "1-0"]
[WhiteElo "1827"]
[BlackElo "1793"]
[PlyCount "49"]
[EventDate "2015.10.10"]
[EventType "swiss"]
[EventRounds "7"]
[EventCountry "FRA"]
[SourceTitle "EXT 2024"]
[Source "ChessBase"]
[SourceDate "2023.10.10"]
[SourceVersion "1"]
[SourceVersionDate "2023.10.10"]
[SourceQuality "1"]

1. d4 d5 2. Nf3 Nf6 3. c4 c6 4. Nc3 e6 5. e3 a6 6. Qc2 dxc4 7. Bxc4 b5 8. Bd3 Bb7 9. Bd2 Nbd7 10. e4 c5 11. d5 exd5 12. e5 Ne4 13. Nxe4 dxe4 14. Bxe4 Bxe4 15. Qxe4 c4 16. 0-0 Nc5 17. Qc6+ Nd7 18. e6 fxe6 19. Qxe6+ Be7 20. Rfe1 Kf8 21. Rad1 Qe8 22. Ng5 Nf6 23. Bc3 Rd8 24. Rxd8 Bxd8 25. Bb4+ 1-0

[Event "Loire Top 1516"]
[Site "Loire"]
[Date "2015.11.21"]
[Round "2.5"]
[White "Samuel, Christian"]
[Black "Allabrune, Guillaume"]
[Result "0-1"]
[WhiteElo "1852"]
[BlackElo "1526"]
[PlyCount "128"]
[EventDate "2015.10.10"]
[EventType "swiss"]
[EventRounds "7"]
[EventCountry "FRA"]
[SourceTitle "EXT 2024"]
[Source "ChessBase"]
[SourceDate "2023.10.10"]
[SourceVersion "1"]
[SourceVersionDate "2023.10.10"]
[SourceQuality "1"]

1. d4 d5 2. Nf3 Nf6 3. c4 c6 4. Nc3 dxc4 5. a4 Bf5 6. e3 e6 7. Bxc4 Bb4 8. 0-0 Nbd7 9. Bd2 a5 10. Re1 Bg6 11. Qe2 0-0 12. Bd3 Bxd3 13. Qxd3 Nc5 14. Qc2 Bxc3 15. dxc5 Bxd2 16. Nxd2 Qd5 17. Rad1 Rfb8 18. Nb3 Qe4 19. Qxe4 Nxe4 20. f3 Nf6 21. Rd2 Kf8 22. Red1 Ke8 23. e4 Rc8 24. Kf2 Rc7 25. h4 Rd7 26. g4 Kd8 27. g5 Rxd2+ 28. Rxd2+ Nd7 29. h5 Kc7 30. f4 b6 31. cxb6+ Nxb6 32. Nc5 Rd8 33. Rxd8 Kxd8 34. b3 Kc7 35. Ke3 Nd7 36. Kd4 h6 37. g6 Nxc5 38. Kxc5 fxg6 39. hxg6 Kd7 40. Kd4 Kd6 41. e5+ Kd7 42. Ke4 c5 43. Kf3 Kc6 44. Ke4 h5 45. f5 exf5+ 46. Kxf5 Kd7 47. Kg5 Ke6 48. Kxh5 Kxe5 49. Kg5 Ke6 50. Kf4 Kf6 51. Ke4 Kxg6 52. Kd5 Kf5 53. Kxc5 g5 54. Kb5 g4 55. Kxa5 g3 56. b4 g2 57. b5 g1Q 58. b6 Qc5+ 59. Ka6 Ke6 60. a5 Kd6 61. b7 Qc4+ 62. Ka7 Qd4+ 63. Ka8 Qd5 64. a6 Kc7 0-1

[Event "Montpellier op 21st"]
[Site "Montpellier"]
[Date "2015.07.06"]
[Round "2"]
[White "Samuel, Christian"]
[Black "Sanchez, Amelie"]
[Result "1-0"]
[WhiteElo "1862"]
[BlackElo "1662"]
[PlyCount "37"]
[EventDate "2015.07.05"]
[EventType "swiss"]
[EventRounds "9"]
[EventCountry "FRA"]
[SourceTitle "EXT 2016"]
[Source "ChessBase"]
[SourceDate "2015.10.08"]
[SourceVersion "1"]
[SourceVersionDate "2015.10.08"]
[SourceQuality "1"]

1. d4 Nf6 2. Nf3 e6 3. c4 Bb4+ 4. Bd2 Bxd2+ 5. Nbxd2 0-0 6. g3 d5 7. Bg2 b6 8. 0-0 Bb7 9. Rc1 Nbd7 10. c5 c6 11. b4 Re8 12. Re1 e5 13. e4 exd4 14. Nxd4 Ne5 15. Rc3 dxe4 16. Nxe4 Nxe4 17. Bxe4 Rb8 18. Rce3 Nc4 19. Bxh7+ 1-0

[Event "Loire-ch Top20 1314"]
[Site "Loire"]
[Date "2013.11.09"]
[Round "3"]
[White "Samuel, Christian"]
[Black "Andre, Gregory"]
[Result "0-1"]
[WhiteElo "1832"]
[BlackElo "1890"]
[PlyCount "76"]
[EventDate "2014.09.21"]
[EventType "swiss"]
[EventRounds "9"]
[EventCountry "FRA"]
[SourceTitle "EXT 2015"]
[Source "ChessBase"]
[SourceDate "2014.11.20"]
[SourceVersion "1"]
[SourceVersionDate "2014.11.20"]
[SourceQuality "1"]

1. d4 Nf6 2. Nf3 e6 3. c4 b6 4. g3 Bb7 5. Bg2 c5 6. 0-0 cxd4 7. Nxd4 Bxg2 8. Kxg2 Qc7 9. Nd2 a6 10. b3 Nc6 11. Bb2 Bc5 12. e3 0-0 13. Qc2 Qb7 14. Kg1 Rfd8 15. Ne4 Nxe4 16. Qxe4 d5 17. Qg2 Rac8 18. Nxc6 Qxc6 19. Rad1 Qa8 20. cxd5 Rxd5 21. Rxd5 Qxd5 22. Qxd5 exd5 23. Rd1 Rd8 24. a3 a5 25. Bd4 f6 26. b4 axb4 27. axb4 Bxd4 28. Rxd4 Kf7 29. g4 Ke6 30. h4 Rc8 31. Kg2 Rc4 32. f4 Kd6 33. Kf3 Rxd4 34. exd4 Kc6 35. f5 Kb5 36. Kf4 Kxb4 37. g5 Kc4 38. h5 h6 0-1

[Event "Nice op"]
[Site "Nice"]
[Date "2009.08.??"]
[Round "4"]
[White "Bressac, Stephane"]
[Black "Samuel, Christian"]
[Result "1-0"]
[WhiteElo "2184"]
[BlackElo "1954"]
[PlyCount "73"]
[EventDate "2009.08.??"]
[EventType "swiss"]
[EventRounds "9"]
[EventCountry "FRA"]
[SourceTitle "EXT 2010"]
[Source "ChessBase"]
[SourceDate "2010.11.25"]
[SourceVersion "1"]
[SourceVersionDate "2010.11.25"]
[SourceQuality "1"]

1. e4 c5 2. Nf3 Nc6 3. d4 cxd4 4. Nxd4 Nf6 5. Nc3 d6 6. g3 g6 7. Bg2 Bg7 8. Nxc6 Qb6 9. Nd4 Nxe4 10. Nxe4 Bxd4 11. 0-0 d5 12. Nc3 e6 13. Qe2 0-0 14. Bd2 Bd7 15. Rfe1 Bg7 16. Rab1 Rac8 17. Qd3 d4 18. Ne4 Bb5 19. Qb3 Qa6 20. Bb4 Bc4 21. Qa3 Rfd8 22. Be7 Qxa3 23. bxa3 Rd7 24. Nf6+ Bxf6 25. Bxf6 b6 26. h4 h5 27. Red1 Ba6 28. Be4 Bb7 29. Bxb7 Rxb7 30. Rxd4 Kh7 31. Rbd1 Rxc2 32. Rd8 g5 33. hxg5 Rxa2 34. Re1 Rxa3 35. Re5 Ra5 36. Rh8+ Kg6 37. Rh6# 1-0

[Event "Nice op"]
[Site "Nice"]
[Date "2009.08.??"]
[Round "1"]
[White "Samuel, Christian"]
[Black "Shoker, Samy"]
[Result "0-1"]
[WhiteElo "1954"]
[BlackElo "2448"]
[PlyCount "44"]
[EventDate "2009.08.??"]
[EventType "swiss"]
[EventRounds "9"]
[EventCountry "FRA"]
[SourceTitle "EXT 2010"]
[Source "ChessBase"]
[SourceDate "2010.11.25"]
[SourceVersion "1"]
[SourceVersionDate "2010.11.25"]
[SourceQuality "1"]

1. d4 g6 2. Nf3 Bg7 3. c4 d6 4. g3 Nf6 5. Bg2 0-0 6. Nc3 Nc6 7. e4 Bg4 8. h3 Bxf3 9. Bxf3 Nd7 10. Be3 Na5 11. b3 c5 12. Rc1 Nc6 13. dxc5 dxc5 14. 0-0 Qc8 15. Bg4 e6 16. Nb5 a6 17. Nd6 Qc7 18. f4 Rad8 19. e5 Ndxe5 20. Bxc5 Nxg4 21. hxg4 Bd4+ 22. Bxd4 Rxd6 0-1